[Event "BLR-ch U20 Boys 2021"]
[Site "Minsk"]
[Date "2021.04.20"]
[Round "1.1"]
[White "Galkin, Gleb"]
[Black "Zarubitski, Viachaslau"]
[Result "0-1"]
[WhiteElo "2225"]
[BlackElo "2456"]
[Annotator "TA"]
[PlyCount "112"]
[EventDate "2021.04.20"]
[EventType "tourn"]
[EventCountry "BLR"]
[SourceTitle "playchess.com"]
[Source "ChessBase"]
[SourceQuality "1"]

{[%evp 25,112,12,17,20,7,17,24,29,37,-10,35,-49,-27,-42,-43,-28,-41,-42,-26,-55,-49,-43,0,0,0,0,0,0,0,5,8,-12,-15,-19,0,-27,-27,-24,-36,-38,-14,-53,-56,-56,-20,-115,-111,-149,-157,-250,-239,-268,-264,-274,-260,-252,-211,-240,-213,-280,-287,-302,-283,-436,-436,-377,0,-235,0,-353,-322,-328,-338,-295,-321,-685,-685,-887,-870,-1064,-988,-958,-810,-1645,-1604,-2054,-1937,-29990,-6498]} 1. Nf3 d5 2. g3 Nf6 3. Bg2 g6 4. O-O Bg7 5. c4 c6 6. cxd5 cxd5 7. d4 Nc6 8. Nc3 O-O 9. Ne5 Bf5 10. Nxc6 bxc6 11. Bf4 Nd7 12. Rc1 e5 13. dxe5 Nxe5 14. Na4 {D79: Fianchetto Grünfeld: Symmetrical Variation (6 0-0 c6 7 cxd5 cxd5).} Rc8 {[#]} 15. Be3 $146 ({Predecessor:} 15. b3 Re8 16. Qd2 Bf8 17. Nc5 Nd7 18. Nb7 Qf6 19. Be3 Qe6 20. Qa5 c5 21. Nxc5 Nxc5 22. Bxc5 Bxc5 23. Rxc5 Rxc5 24. Qxc5 Qxe2 25. Qxa7 {1-0 (40) Nyzhnyk,I (2662)-Shankland,S (2683) chess.com INT 2020}) 15... Qd7 16. Nc5 {White has an edge.} Qe7 17. Bd4 Rfe8 (17... Nd3 $5 18. Nxd3 Bxd4 $15) 18. Qa4 ({White should try} 18. e3 $14) 18... Nc4 $15 19. Bxg7 Kxg7 20. e4 Qxc5 21. exf5 Nxb2 (21... gxf5 22. b3 $16) 22. f6+ Kg8 23. Qh4 Qd6 (23... Nc4 {feels hotter.} 24. Bh3 Rcd8 25. Qh6 Qf8 26. Qxf8+ Kxf8 27. Rfd1 g5) 24. Qd4 $1 {[%cal Rd4b2]} Qe5 25. Qxe5 Rxe5 26. Bh3 Rd8 27. Rxc6 d4 28. Rc2 (28. Rb1 {keeps more tension.} Na4 29. f4 Red5 30. Bg2 R5d7 31. Bf1) 28... Na4 29. Rd1 {[#] Black must now prevent Rxd4!} Red5 30. Bf1 Nc3 31. Rd3 R5d6 32. Bg2 g5 33. f4 gxf4 34. gxf4 Kf8 35. Rh3 (35. Bf3 $11 {keeps the balance.}) 35... Rxf6 $17 36. Rd2 {Threatens to win with Rxc3!} Ke7 ({Not} 36... Rxf4 $2 {[#]} 37. Rxc3 $1 {[%mdl 512]} dxc3 38. Rxd8+ Ke7 39. Rc8 $18) 37. Rxh7 (37. Rf3 $17 {was called for.}) 37... Rxf4 $19 38. Rh3 Rb8 {aiming for ...Rb1+.} 39. Rf3 Rb1+ 40. Rf1 Rbxf1+ 41. Bxf1 {[%mdl 4096] Endgame KRB-KRN} Kd6 42. Kg2 Ke5 43. Bd3 f5 44. Rb2 (44. h3 $142) 44... Rg4+ 45. Kf3 Rf4+ 46. Kg2 $1 Rg4+ (46... Ne4 $142 47. h3 Nc5) 47. Kf3 Rh4 {Hoping for ...Rh3+.} 48. Kg3 Rh7 49. h4 Ne4+ 50. Kh3 $2 (50. Kf3 Rxh4 51. Rb5+ Ke6 52. Kg2) 50... Kf4 51. Bb1 Rd7 52. Bd3 Rg7 53. Kh2 Rh7 54. Kh3 Ke3 55. Bf1 d3 56. Rb3 Nf2+ {Weighted Error Value: White=0.62/Black=0.21} (56... Kf2 $142 57. Rxd3 Ng5+ 58. Kh2 Rxh4+ 59. Bh3 Nf3+ 60. Rxf3+ Kxf3 61. Kh1 Rxh3+ 62. Kg1 a5 63. a3 a4 64. Kf1 Rh1#) 0-1

[Event "BLR-ch U20 Boys 2021"]
[Site "Minsk"]
[Date "2021.04.20"]
[Round "1.2"]
[White "Bialiauski, Artsiom"]
[Black "Silich, Yahor"]
[Result "0-1"]
[WhiteElo "2077"]
[BlackElo "2325"]
[Annotator "TA"]
[PlyCount "134"]
[EventDate "2021.04.20"]
[EventType "tourn"]
[EventCountry "BLR"]
[SourceTitle "playchess.com"]
[Source "ChessBase"]
[SourceQuality "1"]

{[%evp 16,134,17,16,38,37,41,40,44,46,55,42,27,-24,22,-55,-48,-48,-40,-45,-13,-42,10,-26,40,-29,-45,-22,-19,-29,-28,-147,-135,-139,-127,-231,-226,-322,-309,-267,-81,-145,-115,-116,-82,-109,-63,-63,-63,-66,-56,-61,-34,-79,-72,-119,0,0,12,0,0,-15,0,-65,-17,-13,-8,-107,-106,-114,-112,-212,-213,-212,-179,-192,-181,-163,-156,-197,-203,-190,-193,-268,-259,-224,-177,-177,-162,-276,-275,-396,-378,-352,-302,-991,-1058,-990,-968,-5089,-4575,-12821,-5078,-29984,-29985,-29986,-29987,-29987,-29988,-29988,-29986,-29988,-29988,-29990,-29990,-29990,-29991,-29991,-29992,-29992,-29991]} 1. d4 Nf6 2. Nf3 g6 3. Bf4 Bg7 4. e3 d6 5. h3 O-O 6. Be2 Nc6 7. O-O Nd7 8. c4 e5 9. Bh2 f5 {A48: 1 d4 Nf6 2 Nf3 g6: Torre, London and Colle Systems.} 10. Nc3 e4 {10...g5 is the modern continuation.} 11. Ne1 Nf6 {White is slightly better.} 12. Nc2 g5 13. b4 Ne7 14. d5 {[#]} (14. Qd2 $142) 14... Ng4 $146 ({Predecessor:} 14... Ng6 15. Nd4 Qe7 16. Re1 g4 17. hxg4 Nxg4 18. Bxg4 fxg4 19. Qc2 Bf5 20. Rac1 Rae8 {1-0 (65) Poghosyan,S (2256)-Yeremyan,A (2060) Yerevan 2017}) 15. Nd4 (15. hxg4 $11 Bxc3 16. Rb1) 15... Nxh2 $15 16. Kxh2 Ng6 17. Rc1 Qe7 18. Kg1 Kh8 (18... a5 $15 19. b5 b6) 19. c5 Ne5 (19... f4 $11) 20. c6 (20. Qc2 $14) 20... b6 $11 21. Qb3 Rg8 22. Ne6 Bf6 23. Nb5 (23. Rfd1 $11) 23... Bxe6 $17 24. dxe6 g4 25. Kh2 {[#]} (25. Kh1 $17 {might work better.}) 25... Nf3+ $1 $19 {[%mdl 512]} 26. Bxf3 ({Wrong is} 26. gxf3 $2 gxf3 27. Rg1 Be5+ 28. Rg3 Qh4 $19) (26. Kh1 {is a better defense.}) (26. Kh1 Nd2) 26... Be5+ ({Weaker is} 26... gxf3 27. g3 $19) 27. g3 exf3 (27... gxf3 $19 28. Rg1 Rg6) 28. Qd5 ({White should play} 28. Kg1) 28... Rg6 29. Rh1 Rag8 30. Kg1 a6 31. Nd4 Bxd4 32. Qxd4+ Qf6 33. hxg4 fxg4 {Hoping for ...Qxd4.} 34. Re1 Re8 {White must now prevent ...Qxd4.} 35. Rh4 Rxe6 (35... Qxd4 $17 36. exd4 Rgxe6 37. Rxe6 Rxe6 38. Rxg4 Re1+ 39. Kh2 Re2) 36. Rxg4 $11 Kg7 (36... Qg7 {looks sharper.} 37. Rf4 Ref6 38. Kf1 Rh6 39. Kg1 Rhg6) 37. Qxf6+ Rexf6 {[%mdl 4096] Endgame KRR-KRR} 38. Rd4 Kf7 39. e4 (39. Red1 $11) 39... Ke6 {Threatens to win with ...Rxg3+!} (39... Rxg3+ $5 40. fxg3 f2+ {[%mdl 64] Double Attack} 41. Kf1 fxe1=Q+ 42. Kxe1 Rf3 $17) 40. Re3 $1 h5 41. Kf1 {[#]} (41. a4 $11 {keeps the balance.}) 41... Rg4 $1 $17 {Black keeps a firm grip on the game.} 42. Rdd3 h4 43. gxh4 (43. Rxf3 $17 Rxf3 44. Rxf3 Rxe4 45. a3) 43... Rxh4 $19 {[%cal Rh4h1]} 44. Ke1 Rff4 45. Kd2 Rxe4 46. a3 Rxe3 47. Rxe3+ {KR-KR} Kd5 48. Rxf3 Kxc6 49. Kc3 (49. Rf5 $142) 49... Kd5 50. Rf5+ Ke6 51. Rf8 Rh3+ 52. Kb2 {[#]} (52. f3 $142) 52... Kd5 $1 53. Rf7 (53. Ka2 $142) 53... c5 54. Ra7 Kc4 55. bxc5 $2 (55. Rxa6 Kb5 56. Ra8) 55... bxc5 56. Rxa6 d5 57. Rf6 d4 58. Rf5 Rb3+ 59. Ka2 Rb8 {Black mates.} 60. Rf7 d3 61. Rd7 Kc3 62. a4 c4 63. a5 Rb5 64. f4 d2 65. a6 Ra5+ 66. Kb1 Rxa6 67. f5 Rb6+ {Weighted Error Value: White=0.72/Black=0.26} 0-1

[Event "BLR-ch U20 Boys 2021"]
[Site "Minsk"]
[Date "2021.04.20"]
[Round "1.3"]
[White "Lazavik, Denis"]
[Black "Runets, Ivan"]
[Result "1/2-1/2"]
[WhiteElo "2438"]
[BlackElo "2257"]
[Annotator "TA"]
[PlyCount "90"]
[EventDate "2021.04.20"]
[EventType "tourn"]
[EventCountry "BLR"]
[SourceTitle "playchess.com"]
[Source "ChessBase"]
[SourceQuality "1"]

{[%evp 22,90,30,29,25,6,22,22,41,53,45,43,58,50,53,53,55,46,54,45,54,46,60,58,53,54,54,54,61,61,61,61,61,46,57,40,40,40,40,30,40,40,41,22,29,14,16,6,11,11,25,24,20,20,33,30,25,10,23,0,0,0,0,0,0,0,0,0,0,0,0]} 1. d4 Nf6 2. c4 e6 3. Nc3 d5 4. cxd5 exd5 5. Bg5 c6 6. e3 Be7 7. Bd3 O-O 8. Qc2 Nbd7 {[%cal Bb8d7,Bd7f8,Bf8g6][%mdl 32]} 9. Nf3 Re8 10. h3 Nf8 11. O-O Ne4 12. Bf4 ({Avoid the trap} 12. Nxe4 $2 dxe4 13. Bxe7 Qxe7 $19) 12... f5 {D36: Queen's Gambit Declined: Exchange Variation: Main line (5 Bg5 c6 6 Qc2).} 13. Ne2 Ng6 14. Bh2 Bd6 {[#]} 15. Bxd6 $146 ({Predecessor:} 15. Nf4 Nh4 16. Be2 Nxf3+ 17. Bxf3 Qc7 18. Kh1 Be6 19. Bxe4 fxe4 20. Nxe6 Rxe6 21. Bxd6 Qxd6 22. f4 {½-½ (22) Movsesian,S (2679)-Dautov,R (2603) Emmendingen 2017}) 15... Qxd6 16. h4 Be6 17. g3 a5 18. Kg2 Nh8 19. Nf4 Nf7 20. Rac1 Bd7 21. Be2 (21. Rfe1 {seems wilder.} a4 22. a3 b5 23. Rh1 Rac8 24. Qd1) 21... Nf6 22. Qc5 (22. Qb3 {feels hotter.} Qe7 23. Qd1 Ng4 24. Nd3 Be6 25. a3) 22... Qxc5 23. Rxc5 Ne4 24. Rc2 Ned6 25. Nd3 Re7 26. Rb1 Be8 27. Nd2 Ne4 28. Nb3 a4 29. Nbc1 Ned6 30. Nb4 g6 31. Ncd3 Nc4 32. Nc5 Nfd6 33. Bf3 Bf7 34. Rbc1 Kg7 35. b3 axb3 36. axb3 Nb6 37. Nbd3 Ra3 38. Ne5 Be8 39. Be2 Ne4 40. b4 Nd6 {The position is equal.} 41. Rc3 Ra2 42. R1c2 Ra1 43. Rc1 Ra2 44. R3c2 Ra3 45. Rc3 Ra2 {Weighted Error Value: White=0.05/Black=0.04} 1/2-1/2

[Event "BLR-ch U20 Boys 2021"]
[Site "Minsk"]
[Date "2021.04.20"]
[Round "1.4"]
[White "Siniauski, Artsiom"]
[Black "Tsaruk, Maksim"]
[Result "1/2-1/2"]
[WhiteElo "2277"]
[BlackElo "2306"]
[Annotator "TA"]
[PlyCount "95"]
[EventDate "2021.04.20"]
[EventType "tourn"]
[EventCountry "BLR"]
[SourceTitle "playchess.com"]
[Source "ChessBase"]
[SourceQuality "1"]

{[%evp 19,95,28,22,7,23,-7,0,0,0,0,0,19,0,2,25,-27,57,0,0,0,0,0,0,0,11,17,8,4,4,4,26,25,41,29,36,19,19,19,31,37,37,20,21,19,10,10,18,0,0,0,0,0,0,0,0,0,0,0,0,0,0,0,0,0,0,0,0,0,0,0,0,0,0,0,0,0,0,0]} 1. e4 c5 2. Nf3 d6 3. Bb5+ Bd7 4. Bxd7+ Qxd7 5. c4 Nf6 6. Nc3 g6 7. d4 cxd4 8. Nxd4 Bg7 9. f3 O-O 10. Be3 Nc6 11. Nde2 {B52: Sicilian: Moscow Variation with 3...Bd7.} a6 12. a4 Qc7 13. O-O e6 14. Rc1 Rad8 {[#]} 15. Nd5 $146 ({Predecessor:} 15. Nf4 Qa5 16. Rf2 Rd7 17. Rd2 Rfd8 18. Kh1 Nb4 19. Qg1 Rc8 20. b3 Qd8 21. h3 {1-0 (41) Pinter,G (2388)-Bensdorp,L (2074) Aviles 2002}) 15... exd5 16. cxd5 Rfe8 17. dxc6 (17. b4 $142) 17... d5 (17... bxc6 $11 18. a5 c5) 18. cxb7 (18. Bf4 $14 Qb6+ 19. Qd4 Qxd4+ 20. Nxd4) 18... Qxb7 $11 19. e5 {[%cal Re5f6]} Rxe5 20. Bd4 Ree8 21. Qd2 Nd7 {[#] And now ...Rxe2! would win.} 22. Bxg7 Kxg7 23. Qd4+ Kg8 24. Nf4 Nf8 25. Rfe1 {Black must now prevent Rxe8.} Ne6 26. Nxe6 fxe6 27. h4 Rb8 28. Re2 Qb6 29. Rc5 Qb4 {[#]} 30. Rxd5 exd5 {The position is equal.} 31. Rxe8+ Kf7 32. Qxb4 Rxb4 {[%mdl 4096] Endgame KR-KR} 33. Re5 (33. Rh8 {is interesting.} Kg7 34. Rd8 Rxa4 35. Rd7+ Kg8 36. h5) 33... Rxa4 34. Rxd5 Rxh4 35. Rd7+ Kg8 36. g4 h5 37. Rd6 (37. Kg2 {looks sharper.} hxg4 38. Kg3 Rh5 39. fxg4 Rb5 40. Kh4) 37... Kg7 38. gxh5 Rxh5 39. Rxa6 Rb5 40. Ra2 Rb3 41. Kg2 Kf6 42. Kf2 Kf5 43. Kg3 g5 44. Ra5+ Kf6 45. Ra6+ Kf5 46. Ra2 Kg6 47. Ra6+ Kf5 48. Ra5+ {Weighted Error Value: White=0.08/Black=0.06} 1/2-1/2

[Event "BLR-ch U20 Boys 2021"]
[Site "Minsk"]
[Date "2021.04.20"]
[Round "2.1"]
[White "Zarubitski, Viachaslau"]
[Black "Tsaruk, Maksim"]
[Result "0-1"]
[WhiteElo "2456"]
[BlackElo "2306"]
[Annotator "TA"]
[PlyCount "84"]
[EventDate "2021.04.20"]
[EventType "tourn"]
[EventCountry "BLR"]
[SourceTitle "playchess.com"]
[Source "ChessBase"]
[SourceQuality "1"]

{[%evp 29,84,49,44,44,49,38,52,58,39,45,43,60,69,0,76,62,64,59,68,59,80,80,64,38,64,35,42,0,0,0,0,-26,-8,-180,-194,-183,-188,-195,-182,-361,-378,-371,-368,-341,-239,-377,-377,-646,-645,-1036,-988,-974,-935,-1232,-1244,-908,-889]} 1. e4 e5 2. Nf3 Nc6 3. Bb5 a6 4. Ba4 Nf6 5. O-O Be7 6. Re1 b5 7. Bb3 O-O 8. c3 d5 9. exd5 Nxd5 10. Nxe5 Nxe5 11. Rxe5 c6 12. d3 Bd6 13. Re1 Qh4 14. g3 Qh3 15. Re4 Nf6 {White must now prevent ...Ng4. 15...Qd7 is not played anymore.} 16. Rh4 {C89: Closed Ruy Lopez: Marshall Attack.} Qf5 17. Nd2 {[%cal Bb1d2,Bd2e4,Be4d6][%mdl 32]} g5 {The old main line.} 18. Rh6 {Hoping for Ne4!White is slightly better.} Ng4 {[#]} 19. Ne4 {[%mdl 64] Double Attack, Discovered Attack} Nxh6 20. Nxd6 Qg6 {[%cal Rg6d6]} 21. Qd2 {[#]} Nf5 $146 (21... Qxd6 $11 22. Qxg5+ {[%mdl 64] Double Attack} Qg6 23. Qxh6 Re8 24. Qxg6+ hxg6) ({Predecessor:} 21... Qxd6 22. Qxg5+ Qg6 23. Qxg6+ hxg6 24. Bxh6 Re8 25. Be3 Bf5 26. d4 Be4 27. h4 a5 {½-½ (35) Leko,P (2713)-Grischuk,A (2671) Dubai 2002}) 22. Nxc8 $16 Raxc8 23. Qxg5 Rfe8 {aiming for ...Re1+.} 24. Kf1 Rc7 {[%cal Bc8c7,Bc7e7,Be7e2][%mdl 32]} 25. h4 Rce7 26. Bd2 Qxg5 27. Bxg5 Re2 28. g4 h6 $1 {[%cal Rh6g5]} 29. Bf6 Nd6 30. Bd1 Rxb2 {With the idea ...Rd2.} 31. c4 $2 {This costs White the game.} (31. g5 $11) 31... Rd2 $19 32. c5 {[#]} Re6 33. g5 Ne8 34. Bb3 $2 (34. Bd4) 34... Nxf6 35. Bxe6 fxe6 36. gxf6 {[%mdl 4096] Endgame KR-KR} Kf7 ({Not} 36... Rxd3 37. Ke2 $19) 37. Kg2 (37. a4 {only move.} b4 38. a5 Rxd3 39. Ke2) 37... Rxd3 38. a4 $2 (38. Rc1) 38... b4 {Black is clearly winning.} 39. a5 Kxf6 40. Ra4 Rd4 41. Kg3 Ke5 42. Ra1 Kd5 {Weighted Error Value: White=0.71/Black=0.09} 0-1

[Event "BLR-ch U20 Boys 2021"]
[Site "Minsk"]
[Date "2021.04.20"]
[Round "2.2"]
[White "Runets, Ivan"]
[Black "Siniauski, Artsiom"]
[Result "0-1"]
[WhiteElo "2257"]
[BlackElo "2277"]
[Annotator "RC"]
[PlyCount "104"]
[EventDate "2021.04.20"]
[EventType "tourn"]
[EventCountry "BLR"]
[SourceTitle "playchess.com"]
[Source "ChessBase"]
[SourceQuality "1"]
[TimeControl "40/5400+30:1800+30"]

1. d4 {[%emt 0:01:17]} Nf6 {[%emt 0:00:00]} 2. c4 {[%emt 0:00:13]} e6 {[%emt 0:00:00]} 3. Nf3 {[%emt 0:01:23]} b6 {[%emt 0:00:25]} 4. g3 {[%emt 0:00:45]} Bb4+ {[%emt 0:00:40]} 5. Bd2 {[%emt 0:00:50]} Be7 {[%emt 0:00:28]} 6. Nc3 {[%emt 0:00:41]} c6 {[%emt 0:00:59]} 7. Bf4 {[%emt 0:08:06]} d5 {[%emt 0:01:24]} 8. Bg2 {[%emt 0:02:41]} O-O {[%emt 0:01:21]} 9. Nd2 {[%emt 0:06:44]} Bb7 {[%emt 0:07:04]} 10. O-O {[%emt 0:00:43]} Nbd7 {[%emt 0:05:34]} 11. e4 {[%emt 0:01:31]} dxc4 {[%emt 0:04:07]} 12. a4 {[%emt 0:00:08]} b5 {[%emt 0:16:49]} 13. axb5 {[%emt 0:07:48]} cxb5 {[%emt 0:00:46]} 14. Nxb5 {[%emt 0:00:11]} Nb6 {[%emt 0:02:08]} 15. Be3 {[%emt 0:07:35]} Bb4 {[%emt 0:04:37]} 16. Nc3 {[%emt 0:10:46]} a5 {[%emt 0:02:33]} 17. g4 {[%emt 0:05:56]} Nfd7 {[%emt 0:07:09]} 18. Qe2 {[%emt 0:04:50]} f5 {[%emt 0:06:48]} 19. f3 {[%emt 0:08:26]} f4 {[%emt 0:05:23]} 20. Bf2 {[%emt 0:01:37]} e5 {[%emt 0:00:24]} 21. Rfd1 {[%emt 0:00:32]} Qf6 {[%emt 0:03:44]} 22. Ndb1 {[%emt 0:14:53]} Rfd8 {[%emt 0:09:48]} 23. Na3 {[%emt 0:00:54]} exd4 {[%emt 0:01:30]} 24. Bxd4 {[%emt 0:00:22]} Bc5 {[%emt 0:00:05]} 25. Nab5 {[%emt 0:04:38]} Bxd4+ {[%emt 0:01:19]} 26. Rxd4 {[%emt 0:00:07]} Ne5 {[%emt 0:01:43]} 27. Rxd8+ {[%emt 0:00:21]} Qxd8 {[%emt 0:00:39]} 28. Rd1 {[%emt 0:00:22]} Qe7 {[%emt 0:00:34]} 29. Qf2 {[%emt 0:00:29]} Nbd7 {[%emt 0:00:57]} 30. Nd6 {[%emt 0:04:43]} Nd3 {[%emt 0:02:24]} 31. Qd4 {[%emt 0:03:43]} N7e5 {[%emt 0:00:34]} 32. Nxc4 {[%emt 0:00:46]} Rd8 {[%emt 0:01:57]} 33. Nd5 {[%emt 0:00:17]} Bxd5 {[%emt 0:00:21]} 34. Nxe5 {[%emt 0:00:31]} Bb3 {[%emt 0:02:32]} 35. Nc6 {[%emt 0:01:26]} Rxd4 {[%emt 0:00:11]} 36. Nxe7+ {[%emt 0:00:03]} Kf7 {[%emt 0:00:33]} 37. Nf5 {[%emt 0:00:56]} Bxd1 {[%emt 0:00:07]} 38. Nxd4 {[%emt 0:00:03]} Nxb2 {[%emt 0:00:05]} 39. Nb5 {[%emt 0:01:14]} a4 {[%emt 0:00:55]} 40. Kf2 {[%emt 0:00:00]} Nd3+ {[%emt 0:00:00]} 41. Kg1 {[%emt 0:00:42]} Kf6 {[%emt 0:04:39]} 42. h4 {[%emt 0:02:02]} Ke5 {[%emt 0:02:26]} 43. g5 {[%emt 0:01:35]} Ne1 {[%emt 0:01:41]} 44. Kf2 {[%emt 0:01:37]} Nxg2 {[%emt 0:00:50]} 45. Kxg2 {[%emt 0:00:01]} Be2 {[%emt 0:00:10]} 46. Na3 {[%emt 0:03:24]} Kd4 {[%emt 0:00:09]} 47. Kf2 {[%emt 0:00:15]} Bd3 {[%emt 0:00:07]} 48. Ke1 {[%emt 0:02:20]} Ke3 {[%emt 0:00:23]} 49. e5 {[%emt 0:00:08]} Kxf3 {[%emt 0:00:21]} 50. e6 {[%emt 0:00:11]} Kg2 {[%emt 0:00:08]} 51. e7 {[%emt 0:00:23]} Bg6 {[%emt 0:00:04]} 52. Kd2 {[%emt 0:02:29]} f3 {[%emt 0:00:13]} 0-1

[Event "BLR-ch U20 Boys 2021"]
[Site "Minsk"]
[Date "2021.04.20"]
[Round "2.3"]
[White "Silich, Yahor"]
[Black "Lazavik, Denis"]
[Result "1/2-1/2"]
[WhiteElo "2325"]
[BlackElo "2438"]
[Annotator "TA"]
[PlyCount "61"]
[EventDate "2021.04.20"]
[EventType "tourn"]
[EventCountry "BLR"]
[SourceTitle "playchess.com"]
[Source "ChessBase"]
[SourceQuality "1"]

{[%evp 13,61,21,19,12,17,4,26,8,24,17,8,16,13,4,33,39,33,41,25,26,16,12,12,12,12,10,12,12,23,14,25,4,4,4,3,3,12,0,0,0,8,8,8,8,8,8,8,7,8,-15]} 1. e4 e5 2. Nf3 Nc6 3. Bc4 Bc5 4. O-O Nf6 5. d3 d6 6. c3 a6 {Recently 6...h6 got a lot of attention.} 7. a4 h6 8. Re1 {C54: Giuoco Piano: 4 c3 Nf6, main lines with 5 d4 and 5 d3.} O-O 9. h3 Be6 10. Nbd2 {[%cal Bb1d2,Bd2c4,Bc4e3][%mdl 32] White has an edge.} Ba7 11. b4 Bxc4 12. Nxc4 Re8 13. Be3 d5 14. exd5 Qxd5 {Threatening ...e4.} 15. Bxa7 Rxa7 16. Ne3 Qd7 {[#]} 17. b5 $146 ({Predecessor:} 17. Qc2 Raa8 18. Nc4 Qd5 19. Ne3 Qd7 20. Nc4 Qf5 21. b5 axb5 22. axb5 Rxa1 23. Rxa1 {½-½ (54) Topalov,V (2761)-Kramnik,V (2812) Paris 2016}) 17... axb5 18. axb5 Rxa1 19. Qxa1 Nd8 20. c4 Qxd3 21. Nxe5 Qd6 {[#]} 22. Rd1 $1 Qxe5 {The position is equal.} 23. Qxe5 Rxe5 24. Rxd8+ Re8 25. Rxe8+ Nxe8 $11 {[%mdl 4096] Endgame KN-KN} 26. Kf1 Kf8 27. Ke2 Ke7 28. Kd3 Kd6 29. Kd4 c5+ 30. bxc6 Kxc6 31. Ke4 {Weighted Error Value: White=0.05/Black=0.04} 1/2-1/2

[Event "BLR-ch U20 Boys 2021"]
[Site "Minsk"]
[Date "2021.04.20"]
[Round "2.4"]
[White "Galkin, Gleb"]
[Black "Bialiauski, Artsiom"]
[Result "1-0"]
[WhiteElo "2225"]
[BlackElo "2077"]
[Annotator "TA"]
[PlyCount "57"]
[EventDate "2021.04.20"]
[EventType "tourn"]
[EventCountry "BLR"]
[SourceTitle "playchess.com"]
[Source "ChessBase"]
[SourceQuality "1"]

{[%evp 21,57,38,21,6,11,-12,0,-12,152,62,44,40,36,8,68,71,98,106,392,393,387,379,417,417,457,450,526,524,516,480,487,485,495,476,712,711,692,660]} 1. d4 d5 2. c4 e6 3. Nf3 dxc4 4. e3 Nf6 5. Bxc4 c5 6. O-O cxd4 7. exd4 Be7 8. Nc3 O-O 9. Qe2 Nc6 10. Rd1 Na5 11. Bd3 b6 12. Ne5 {D26: Queen's Gambit Accepted: 4 e3 e6 5 Bxc5 c5 sidelines.} Bb7 13. Bc2 {[#]} Nc6 $146 ({Predecessor:} 13... Rc8 14. Rd3 Ba6 15. Bg5 Bxd3 16. Qxd3 g6 17. Rd1 Nd5 18. Bh6 Re8 19. Qf3 Bf6 20. Ba4 Nxc3 21. bxc3 Bxe5 22. dxe5 Qh4 23. Bxe8 Rxe8 24. Rd7 f5 25. exf6 Rf8 26. f7+ {1-0 (26) Pantzar,M (2421)-Haitin,I (2348) Chess.com INT 2020}) 14. Bb3 {The position is equal.} Nd5 $2 {[#]} (14... Rc8 $11) 15. Nxd5 ({White should play} 15. Nxf7 $1 $16 {[%mdl 512]} Qc8 16. Ng5 (16. Nxd5 exd5 17. Ne5 Nxe5 $16) 16... Bxg5 17. Bxg5 (17. Bxd5 exd5 18. Bxg5 Qf5 $14)) 15... exd5 $14 16. Bf4 Rc8 17. Bc2 Bf6 ({Better is} 17... g6 $11) 18. Bf5 $36 {[%mdl 2048] Keeping Black busy.} Rc7 {[#]} 19. Ng4 $1 Nxd4 $2 {[%mdl 8192] This costs Black the game.} (19... Bxd4 $16 20. Bxc7 Qxc7) 20. Nxf6+ $18 Qxf6 {[#]} 21. Rxd4 {[%mdl 512]} Re7 (21... Rc4 22. Rxc4) 22. Qd3 g6 {Black wants to play ...Rfe8.} 23. Bg4 {White is clearly winning.} Ba6 24. Qd2 Rfe8 {White must now prevent ...Qxd4.} 25. Be3 Bb7 26. Bf3 Re5 27. Rd1 Rd8 (27... Qf5 $142 28. Rc1 Qf6) 28. Bf4 Rf5 29. Bg4 {Weighted Error Value: White=0.13/Black=0.57} 1-0

[Event "BLR-ch U20 Boys 2021"]
[Site "Minsk"]
[Date "2021.04.20"]
[Round "3.1"]
[White "Bialiauski, Artsiom"]
[Black "Zarubitski, Viachaslau"]
[Result "1/2-1/2"]
[WhiteElo "2077"]
[BlackElo "2456"]
[Annotator "TA"]
[PlyCount "115"]
[EventDate "2021.04.20"]
[EventType "tourn"]
[EventCountry "BLR"]
[SourceTitle "playchess.com"]
[Source "ChessBase"]
[SourceQuality "1"]

{[%evp 10,115,32,27,39,30,65,45,45,42,45,31,55,0,0,0,9,-12,-15,-114,-123,-137,-124,-144,-84,-79,-85,-122,-46,-44,0,-42,0,-41,-18,-21,-24,-25,-14,-13,-12,-30,0,0,0,-60,23,0,33,0,0,0,0,0,0,0,0,-8,-8,-8,-8,-8,30,34,40,42,80,87,156,126,181,191,206,210,189,88,120,8,8,0,0,0,0,0,0,0,0,0,0,0,0,0,0,0,0,0,0,0,0,0,0,0,0,0,0,0,0,0]} 1. Nf3 Nf6 2. g3 b5 3. Bg2 Bb7 4. O-O e6 5. d3 d5 6. c4 a6 {A05: Réti Opening: 1 Nf3 Nf6.} 7. cxd5 exd5 8. e4 dxe4 {White is slightly better.} 9. dxe4 Qxd1 (9... Bxe4 $6 10. Qe2 $16) 10. Rxd1 Bc5 {[#]} 11. Bg5 $146 (11. Bf4 $14) ({Predecessor:} 11. Nc3 Ng4 12. Rd2 Nd7 13. h3 Nge5 14. Nxe5 Nxe5 15. Nd5 Bd6 16. b3 O-O-O 17. f4 {1-0 (62) Korley,K (2426)-Zherebukh,Y (2631) South Padre Island 2014}) 11... Nbd7 $1 $11 12. Nc3 h6 13. Bf4 O-O-O 14. b4 (14. Nd4 $11) 14... Bxb4 $17 15. Nd5 Nxd5 16. exd5 {[#]} g5 (16... Nf6 $142 $1 17. a3 Bd6 18. Bxd6 Rxd6) 17. Be3 Rhe8 18. h4 g4 ({Black should try} 18... gxh4 $17 19. a3 Bf8 20. Nxh4 Nf6) 19. Nd4 $15 h5 20. Bg5 Be7 (20... f6 $5 {[%cal Rf6g5]} 21. Bf4 Nc5 $15) 21. Bf4 Nb6 22. Nc6 Bxc6 23. dxc6 Bf6 24. Rxd8+ Rxd8 25. Re1 b4 26. f3 Nd5 27. Bg5 ({White should play} 27. Be5 $11) 27... Bxg5 (27... Bd4+ $15 28. Kh2 f6) 28. hxg5 {[%mdl 4096] Endgame KRB-KRN} Nc3 29. fxg4 hxg4 30. Re7 Kb8 (30... Nxa2 31. Rxf7 Nc3 32. g6 $16) 31. Rxf7 Rg8 ({But not} 31... Nxa2 $2 32. g6 $18) 32. Rf5 Ka7 33. Bf1 Kb6 34. Bc4 Rg7 35. Bf7 Ne2+ 36. Kf2 Nd4 37. Rf4 {[%csl LRd4,LRg4][%mdl 64] [#] Double Attack} Nxc6 38. g6 Ne5 (38... Kc5 $142) 39. Rf5 $16 ({Worse is} 39. Rxb4+ Kc5 $15) 39... Nxg6 (39... Nc6 $16) 40. Rf6+ $18 {[%mdl 64] Double Attack} Kc5 {Hoping for ...Ne5.} 41. Bxg6 {KRB-KR} a5 42. Be8 (42. Ke3 $18 {and White stays clearly on top.}) 42... Kd4 43. Ba4 ({Better is} 43. Rf4+ $16 Kc3 44. Rf5) 43... c5 $11 {The position is equal.} 44. Bb3 Rc7 45. Rf4+ Kc3 46. Rc4+ Kd3 47. a4 bxa3 48. Ra4 Kc3 49. Bd5 ({Don't go for} 49. Rxa3 $2 Kb4 $19) 49... Kb2 {Threatens to win with ...Rd7.} 50. Bc4 Kc3 51. Bd5 c4 52. Rxa3+ Kb4 53. Ra1 c3 {And now ...c2 would win.} 54. Rb1+ $1 Ka3 55. Ra1+ Kb4 {White must now prevent ...c2.} 56. Rb1+ $1 Ka3 57. Ra1+ Kb4 {aiming for ...c2.} 58. Rb1+ $1 {Weighted Error Value: White=0.19/Black=0.13} 1/2-1/2